000 00388nam a22001217a 4500
008 000530s1999 ke b 000 0 eng
020 _a9966214496
050 0 0 _aBX 1682
_b.K4 1999
245 0 0 _aOn The Economy Of Kenya: Pastoral Letter Of The Catholic Bishops Of Kenya, June, 1999.
260 _aNairobi:
_bPaulines Publications Africa,
_c1999.
300 _a24 p.
_c21 cm.
942 _2lcc
_cBK
999 _c4998
_d4998